| 000 | 00553nam a2200205 a 4500 | ||
|---|---|---|---|
| 005 | 20140310183447.0 | ||
| 008 | 081205s19uu xx 00 eng d | ||
| 020 | _a9780138146917 | ||
| 050 |
_aHF 5549.5.R3 _b.Ag38 2009 |
||
| 100 | _aAguinis, Herman | ||
| 245 | _aPerformance management. / | ||
| 250 | _a2nd ed. | ||
| 260 |
_aNew Jersey : _bPearson Education, _c2009. |
||
| 300 |
_a296 p. : _bill. ; _c25 cm. |
||
| 521 | _aBSBA | ||
| 650 |
_aEmployees _xRating of. |
||
| 650 | _aPerformance standards. | ||
| 942 |
_cBK _2lcc _kFOR |
||
| 999 |
_c23283 _d23283 |
||